La sociedad cortesana
Gespeichert in:
| 1. Verfasser: | |
|---|---|
| Format: | Buch |
| Sprache: | Spanisch |
| Veröffentlicht: |
Ciudad de México
Fondo de Cultura Económica
2012
|
| Ausgabe: | 2a. ed |
| Schriftenreihe: | Sociología
|
| Schlagworte: | |
| Tags: |
Tag hinzufügen
Keine Tags, Fügen Sie den ersten Tag hinzu!
|
MARC
| LEADER | 00000cam a2200000 a 4500 | ||
|---|---|---|---|
| 001 | UCE3866 | ||
| 003 | CL-VaPUC | ||
| 008 | 140925e20120000mx |||||||||||||||||spa|d | ||
| 020 | |a 9786071610034 | ||
| 082 | 0 | 4 | |a 301 |b ELI |2 21 |
| 100 | |a Elías, Norbert |d 1897-1990 |e author |9 471103 | ||
| 245 | 1 | 3 | |a La sociedad cortesana |
| 250 | |a 2a. ed | ||
| 300 | |a 368 p | ||
| 942 | |c BK | ||
| 945 | |d 20140925 17:45:00 |a arojas | ||
| 260 | |a Ciudad de México |b Fondo de Cultura Económica |c 2012 | ||
| 650 | 0 | |a Sociedad |9 307903 | |
| 650 | 7 | |a CORTESANOS |2 CL-VaPUC |9 511217 | |
| 650 | 0 | |a Sociología |9 255410 | |
| 583 | |a last modification |c 20140925 17:45:00 |k Rodrigo Vera | ||
| 490 | 0 | |a Sociología | |
| 999 | |c 356994 |d 356992 | ||
| 952 | |0 0 |1 0 |3 erb |4 0 |6 301_000000000000000_ELI_2012 |7 0 |8 A |9 464792 |a BIBHIS |b BIBHIS |i 5116511 |o 301 ELI 2012 |p 5116511 |r 2025-01-20 |w 2019-11-23 |y BK |z Catalogado en:20140925 |k HIS | ||